书目信息 |
| 题名: |
汉碑经典
|
|
| 作者: | 蒋文光 , 杨再春 编著 | |
| 分册: | ||
| 出版信息: | 北京 北京体育大学出版社 2000.09 |
|
| 页数: | 850页 | |
| 开本: | 29cm | |
| 丛书名: | ||
| 单 册: | ||
| 中图分类: | J292.22 | |
| 科图分类: | ||
| 主题词: | 篆书--zhuan shu--碑帖--中国--两汉时代 | |
| 电子资源: | ||
| ISBN: | 7-81051-477-6 | |
| 000 | 00817nam0 2200241 450 | |
| 001 | 012008835711 | |
| 005 | 20080424153149.34 | |
| 010 | @a7-81051-477-6@b精装@dCNY160.00 | |
| 100 | @a20080424d2000 km y0chiy0120 ea | |
| 101 | 0 | @achi |
| 102 | @aCN@b110000 | |
| 105 | @ay z 000yy | |
| 106 | @ar | |
| 200 | 1 | @a汉碑经典@Ahan bei jing dian@f蒋文光, 杨再春编著@Fjiang wen guang,yang zai chun bian zhu |
| 210 | @a北京@c北京体育大学出版社@d2000.09 | |
| 215 | @a850页@d29cm | |
| 330 | @a本书荟萃了汉代廿一种著名碑刻,有《袁安碑》、《景君碑》、《礼器碑》、《史晨碑》、《张迁碑》等。 | |
| 606 | 0 | @a篆书@Azhuan shu@x碑帖@y中国@z两汉时代 |
| 690 | @aJ292.22@v4 | |
| 701 | 0 | @a蒋文光@Ajiang wen guang@4编著 |
| 701 | 0 | @a杨再春@Ayang zai chun@4编著 |
| 801 | 0 | @aCN@bQSSK@c20080424 |
| 905 | @b20704428@dJ292.22@eJ591@f1 | |
| 汉碑经典/蒋文光, 杨再春编著.-北京:北京体育大学出版社,2000.09 |
| 850页;29cm |
| ISBN 7-81051-477-6(精装):CNY160.00 |
| 本书荟萃了汉代廿一种著名碑刻,有《袁安碑》、《景君碑》、《礼器碑》、《史晨碑》、《张迁碑》等。 |
| ● |
| 相关链接 |
|
|
|
正题名:汉碑经典
索取号:J292.22/J591
 
预约/预借
| 序号 | 登录号 | 条形码 | 馆藏地/架位号 | 状态 | 备注 |
| 1 | 704428 | 207044287 | 社科库309/309社科库 80排3列2层/ [索取号:J292.22/J591] | 在馆 |